Parametry určující měření připravenost firmy k realizaci inovačních projektů
Systematické inovácie ako hybné sily konkurencieschopnej a úspešnej firmy. Oslo manuál - základná metodická či analytická príručka k meraniu inovačných aktivít. Inovačné aktivity podnikov v Českej republike v období 2012-2014. Pripravenosť podnikov k zavádzaniu inovácií. Aplikácia mapy pripravenosti...
Salvato in:
| Autore principale: | |
|---|---|
| Natura: | Capitolo di libro |
| Lingua: | ceco |
| Soggetti: | |
| Tags: |
Nessun Tag, puoi essere il primo ad aggiungerne!!
|
MARC
| LEADER | 00000naa$a2200000$$$4500 | ||
|---|---|---|---|
| 001 | 0249545 | ||
| 005 | 20181213123743.9 | ||
| 041 | 0 | |a cze | |
| 044 | |a PL | ||
| 245 | 1 | 0 | |a Parametry určující měření připravenost firmy k realizaci inovačních projektů |c Hana Krchová |
| 520 | |a Systematické inovácie ako hybné sily konkurencieschopnej a úspešnej firmy. Oslo manuál - základná metodická či analytická príručka k meraniu inovačných aktivít. Inovačné aktivity podnikov v Českej republike v období 2012-2014. Pripravenosť podnikov k zavádzaniu inovácií. Aplikácia mapy pripravenosti firiem na inovácie. Praktická aplikácia mapy inovačného potenciálu na konkrétnu firmu. | ||
| 610 | 2 | 0 | |a inovácia |
| 610 | 2 | 0 | |a inovácie technologické |
| 610 | 2 | 0 | |a konkurencieschopnosť |
| 610 | 2 | 0 | |a firmy |
| 610 | 2 | 0 | |a marketing |
| 610 | 2 | 0 | |a kvalita |
| 610 | 2 | 0 | |a projekty |
| 610 | 2 | 0 | |a zdroje ľudské |
| 610 | 2 | 0 | |a logistika |
| 610 | 2 | 0 | |a Česko |
| 100 | 1 | |a Krchová, Hana | |